000 00804nam a2200289 a 4500
001 0000294
003 DO-SdBNP
005 20240724120242.0
007 0000294
008 150130s2005 cl ac 000 0 spa d
020 _a8434220075
040 _aBPMSU
_bspa
_cBPMSU
082 4 _a741.642
_bC732m 1996
_222
100 1 _aComella, M. Ángels
245 1 0 _aMe gusta el amarillo /
_cM. Ángels Comella
260 _aBarcelona :
_bParramón Ediciones,
_c1996
300 _a31 p. :
_bil. ;
_c29 cm.
500 _a
500 _a
590 _aInventariado, 2024/VM
650 4 _aArte
_xEnseñanza primaria
650 4 _aColores
_xEnseñanza primaria
650 4 _aLibros ilustrados para niños
710 2 _aParramón Ediciones
910 _aVMateo V. Control de calidad BPMSU
942 _2ddc
_cBK
999 _c14749
_d14749